Online katalóg knižníc regiónu Turca

Veci, o ktorých viete pomerne málo (Record no. 22567)

MARC details
000 -LEADER
fixed length control field 00955nam a2200313 a 4500
001 - CONTROL NUMBER
control field 22567
003 - CONTROL NUMBER IDENTIFIER
control field SK-KTurca
005 - DATE AND TIME OF LATEST TRANSACTION
control field 20260401131105.0
008 - FIXED-LENGTH DATA ELEMENTS--GENERAL INFORMATION
fixed length control field 111122s2007 xo oc g 000 0 slo d
020 ## - INTERNATIONAL STANDARD BOOK NUMBER
International Standard Book Number 8096957341 (brož.)
035 ## - SYSTEM CONTROL NUMBER
System control number (SVKBBclas03)vtls000279248
040 ## - CATALOGING SOURCE
Original cataloging agency SVKBB
Language of cataloging slo
Transcribing agency UKB
Description conventions AACR2
041 0# - LANGUAGE CODE
Language code of text/sound track or separate title slo
044 ## - COUNTRY OF PUBLISHING/PRODUCING ENTITY CODE
MARC country code xo
ISO country code SK
072 #7 - SUBJECT CATEGORY CODE
Subject category code 821.162.4-3
Subject category code subdivision Slovenská próza
Source konspekt
080 ## - UNIVERSAL DECIMAL CLASSIFICATION NUMBER
Universal Decimal Classification number 821.162.4-3
Edition identifier 2001
080 ## - UNIVERSAL DECIMAL CLASSIFICATION NUMBER
Universal Decimal Classification number (0:82-3)
Edition identifier 2001
100 1# - MAIN ENTRY--PERSONAL NAME
Personal name Banášová, Adela,
Dates associated with a name 1980-
245 10 - TITLE STATEMENT
Title Veci, o ktorých viete pomerne málo
Remainder of title (receptáriky)
Statement of responsibility, etc. Adela Banášová, Matej "Sajfa" Cifra ; [ilustrácie Kazo Kanala]
250 ## - EDITION STATEMENT
Edition statement 2. vyd.
260 ## - PUBLICATION, DISTRIBUTION, ETC.
Place of publication, distribution, etc. Bratislava
Name of publisher, distributor, etc. Kelion
Date of publication, distribution, etc. 2007
300 ## - PHYSICAL DESCRIPTION
Extent [2] s. portr., 125 s.
Other physical details il., portr.
653 ## - INDEX TERM--UNCONTROLLED
Uncontrolled term 821.162.4-3
653 ## - INDEX TERM--UNCONTROLLED
Uncontrolled term (0:82-3)
655 #7 - INDEX TERM--GENRE/FORM
Genre/form data or focus term slovenské prózy
Source of term UKBPH
700 1# - ADDED ENTRY--PERSONAL NAME
Personal name Cifra, Matej,
Dates associated with a name 1979-
Relationship aut
700 1# - ADDED ENTRY--PERSONAL NAME
Personal name Kanala, Kazo
Relationship ill
942 ## - ADDED ENTRY ELEMENTS (KOHA)
Source of classification or shelving scheme Dewey Decimal Classification
Koha item type Krásna literatúra pre dospelých
Suppress in OPAC No
Holdings
Stav vyradenia Strata Poškodenie Spôsob nadobudnutia Domovská knižnica Aktuálna knižnica Dátum nadobudnutia Total checkouts Čiarový kód exemplára Date last seen Typ exemplára
      Dar Obecná knižnica Turčianska Štiavnička Obecná knižnica Turčianska Štiavnička 01.04.2026   4738000884 01.04.2026 Krásna literatúra pre dospelých
Projekt je podporený Slovenskou asociáciou knižníc
Prevádzkuje Turčianska knižnica Martin 2026